| 000 | 01413nam a2200397Ii 4500 | ||
|---|---|---|---|
| 001 | DIGBIN00511 | ||
| 003 | NyNyDIG | ||
| 006 | m d | ||
| 007 | cr ||||||||||| | ||
| 008 | 100625s2005 sp ob 000 0 spa d | ||
| 020 | _z8497424352 | ||
| 020 | _z9788497424356 | ||
| 035 | _a(OCoLC)888255288 | ||
| 040 |
_aDGITA _beng _epn _cDGITA |
||
| 050 | 0 | 4 | _aLC213 eBook |
| 245 | 0 | 0 |
_aEducacion, igualdad y diversidad cultural / _cManuel de Puelles Benitez (coord.) ; José Gimeno ... [et al.]. |
| 264 | 1 |
_aMadrid : _bBiblioteca Nueva : _b Escuela Julián Besteiro, _c2005. |
|
| 300 | _a1 online resource (273 pages) | ||
| 336 |
_atext _btxt _2rdacontent |
||
| 337 |
_acomputer _bc _2rdamedia |
||
| 338 |
_aonline resource _bcr _2rdacarrier |
||
| 490 | 1 |
_aBiblioteca de la nueva educación ; _v11 |
|
| 504 | _aIncludes bibliographical references. | ||
| 650 | 0 |
_aEquality _zSpain. |
|
| 650 | 0 |
_aSocial stratification _zSpain. |
|
| 650 | 0 |
_aPrejudices _xStudy and teaching. |
|
| 655 | 0 | _aElectronic books. | |
| 700 | 1 | _aPuelles Benitez, Manuel de | |
| 700 | 1 | _aGimeno Sacristán, José. | |
| 791 | 2 |
_aDigitalia (Firm), _edistributor. |
|
| 830 | 0 |
_aBiblioteca de la nueva educación ; _v11. |
|
| 793 | 0 |
_gDigitalia eBook Collection: _aBiblioteca Nueva |
|
| 856 | 4 | 0 |
_3Digitalia Hispánica _uhttps://www.digitaliapublishing.com/a/5230/ |
| 910 | _aPremium Collection: 2007-2012 | ||
| 942 | _cRAA | ||
| 999 |
_c231095 _d231095 |
||